000 02774cam a2200433 4500500
005 20251228050255.0
041 _afre
042 _adc
100 1 0 _aCléro, Jean-Pierre
_eauthor
245 0 0 _aLe calcul benthamien des plaisirs et des peines
260 _c2015.
500 _a50
520 _aOn a souvent assimilé l’utilitarisme à ce qu’il a voulu être : un calcul de plaisirs et de peines. Mais on s’est plus rarement avisé de savoir ce qu’il fallait entendre par calcul chez Bentham, qui en est resté aux réquisits, même s’il reproche à ses adversaires d’être incapables de conduire un tel calcul. S’agit-il d’user du calcul infinitésimal et intégral pour additionner, retrancher, multiplier, diviser des plaisirs et des douleurs ? S’agit-il d’évaluer ceux-ci par un calcul de probabilité ? Bentham paraît avoir fourni, par son œuvre, un schématisme, plus littéraire que mathématique, que constituent les façons communes de désigner les plaisirs et les douleurs avec des sciences comme l’économie politique, la psychophysique ou la psychophysiologie, la théorie des jeux ont commencé à en faire au xixe siècle et en feront plus tard.
520 _aUtilitarianism has often been identified to what it has pretended to be: a calculation of pleasures and pains. But one has, more seldom, thought of the knowledge that must be meant by calculation. Bentham seems remaining to the level of requites, even if he reproaches his adversaries for being unable to lead such a calculation. Is it the matter to use of differential and integral calculus in view to add, subtract, multiply, divide, pleasures and pains? Is it to evaluate them by a probability theory? Bentham has provided, in terms more literary than mathematical, a schematism between the common verbal means to point out pleasures and pains and the dealing that economics, psychophysics and psychophysiology, the theory of games, will do with the topic, later.
690 _aBentham (Jeremy)
690 _aCalcul
690 _aMathématiques
690 _aMots-clés
690 _aPassion
690 _aPeine
690 _aPlaisir
690 _aProbabilité
690 _aPsychophysique
690 _aUtilitarisme
690 _aUtilité
690 _aBentham (Jeremy)
690 _aCalculation
690 _aKey words
690 _aMathematics
690 _aPain
690 _aPassion
690 _aPleasure
690 _aProbability
690 _aPsychophysics
690 _aUtilitarianism
690 _aUtility
786 0 _nArchives de philosophie | 78 | 2 | 2015-04-20 | p. 229-258 | 0003-9632
856 4 1 _uhttps://shs.cairn.info/revue-archives-de-philosophie-2015-2-page-229?lang=fr&redirect-ssocas=7080
999 _c1580292
_d1580292